Никога не ме лъжи (Запис номер 508931)
[ съкратено ]
| 000 -Лидер | |
|---|---|
| Лидер | 01086nam a2200277 a 4500 |
| 003 - Код на организацията, давaща контролен номер | |
| Код на организацията, даваща контролен номер | BLK |
| 005 - Дата и час на последна редакция | |
| Дата и час на последна редакция | 20250725124025.0 |
| 008 - Елементи от данни с фиксирана дължина | |
| Елементи с фиксирана дължина | 200321b bu |||||r|||| 00| | bu d |
| 020 ## - Международен стандартен номер на книга ISBN | |
| ISBN | 9789542845911 |
| 040 ## - Източник на каталожния запис | |
| Код на библиотеката | BLK |
| 041 ## - Код за език | |
| Език | Български |
| Език за КДБФ | Български |
| 080 ## - УДК | |
| УДК текст | Американска литература (на САЩ) |
| УДК код | 821.111(73) |
| УДК – определител | -31 |
| УДК – код + определител | 821.111(73)-31 |
| 084 ## - Класификационен индекс по друга класификация | |
| Авторски знак | Мак - М 19 |
| 100 ## - Редна дума - Автор | |
| R(LIN) | 490788 |
| Автор | Макфадън, Фрида |
| 245 ## - Сведения за заглавието | |
| Заглавие | Никога не ме лъжи |
| Подзаглавни данни | Роман |
| Авторска отговорност | Фрида Макфадън; прев. от англ. Калин Караиванов. |
| 260 ## - Област на издателските данни | |
| 9 (RLIN) | 209824 |
| Място на издаване | София |
| Име на издателя | Ciela Soft and Publ. |
| Година на издаване | 2024 |
| Издателство - префикс ISBN | 978-954-28- ; 954-649- |
| Печатница | Костинброд : Мултипринт ООД |
| 300 ## - Физическа характеристика | |
| Брой страници | 264 с. |
| Размер | 20 см |
| 380 ## - Жанр | |
| Жанр | Худож. лит. |
| 500 ## - Общи забележки | |
| Обща забележка | Ориг. загл.: Never lie / Freida McFadden |
| 700 ## - Други автори (авторска отговорност) | |
| Друг автор | Караиванов, Калин Орлинов |
| 9 (RLIN) | 485648 |
| 852 ## - Местоположение | |
| Отдел | Заемна - подръчен фонд |
| Систематично-азбучна сигнатура | П 821-31/М 19 Ф |
| 942 ## - АРТИКУЛИ | |
| Вид на библиотечния документ | Книги |
| Скрит в OPAC | Не |
| Периодичен библиозапис | Да |
| Koha issues (borrowed), all copies | 57 |
| 944 ## - СЪЗДАВАНЕ И РЕДАКЦИЯ на ЗАПИСА | |
| Дата на регистрацията/редакция | Севдалина Тодорова |
| Служител, извършил регистрацията/редакцията | 30530 |
| Номер на служител | Минев Младен |
| 999 ## - СИСТЕМНИ КОНТРОЛНИ НОМЕРА | |
| Koha biblionumber | 508931 |
| Koha biblioitemnumber | 508931 |
| 999 ## - СИСТЕМНИ КОНТРОЛНИ НОМЕРА | |
| Koha biblioitemnumber | 508931 |
| Код за отписване | Код за изгубен артикул | Източник на класификационната схема | Код за повреда | Код за отдаване | Артикулен № | Име на библиотеката - собственик | Име на библиотеката, в която се намира в момента | Статус (Текущо местоположение) | Дата на вписване в системата | Местоположение - отдел | Цена в лева | Инвентарен номер | Систематично азбучна сигнатура | Баркод | Цена в евро | Служебен тип на артикула |
|---|---|---|---|---|---|---|---|---|---|---|---|---|---|---|---|---|
| Не е изгубен | Universal Decimal Classification | Не е повреден | заемане за дома | 942297 | Регионална библиотека "Любен Каравелов" Русе | Регионална библиотека "Любен Каравелов" Русе | Заемна - подръчен фонд | 2024-04-17 | Заемна - подръчен фонд | 14.69 | 120000901320 | 821-31/М 19 Ф | 120000901320 | 7.51 | Книги | |
| Не е изгубен | Universal Decimal Classification | Повреден | заемане за дома | 942298 | Регионална библиотека "Любен Каравелов" Русе | Регионална библиотека "Любен Каравелов" Русе | Заемна - подръчен фонд | 2024-04-17 | Заемна - подръчен фонд | 14.69 | 120000901321 | 821-31/М 19 Ф | 120000901321 | 7.51 | Книги | |
| Не е изгубен | Universal Decimal Classification | Не е повреден | заемане за дома | 950095 | Регионална библиотека "Любен Каравелов" Русе | Регионална библиотека "Любен Каравелов" Русе | Заемна - подръчен фонд | 2024-09-30 | Заемна - подръчен фонд | 21.00 | 120000913452 | 821-31/М 19 Ф | 120000913452 | 10.74 | Книги |